000 00699nam a2200229Ia 4500
005 20250425162816.0
008 250425s9999 xx 000 0 und d
020 _a9780135159552
041 _z
_heng
082 _a530.0711
_pYOU
100 _aYoung, Hugh D.; Freedman, Roger A.
245 0 _aUniversity Physics: With Modern Physics
_cHugh D. Young; Roger A. Freedman
260 _aEstados Unidos
_bPEARSON
_c2020
300 _a1524 páginas
_bIlustraciones
_c29 cm
500 _aTabla de contenido, apéndice, índice
650 _aFísica Moderna
650 _aFisica Universitaria
700 _aFreedman, Roger A.
902 _aMonográfico
_cImpreso
942 _c01
010 _a109432
999 _c236876
_d236876